[Event "Sandnes CC-ch"]
[Site "Sandnes"]
[Date "2015.02.03"]
[Round "6"]
[White "Overas, Jan Magne"]
[Black "Baldursson, Hrannar"]
[Result "0-1"]
[WhiteElo "1581"]
[BlackElo "2101"]
[PlyCount "130"]
[EventDate "2015.02.03"]
[EventType "swiss"]
[EventRounds "7"]
[EventCountry "NOR"]
[SourceTitle "EXT 2017"]
[Source "ChessBase"]
[SourceDate "2016.10.25"]
[SourceVersion "1"]
[SourceVersionDate "2016.10.25"]
[SourceQuality "1"]

1. e4 e6 2. d4 d5 3. exd5 exd5 4. c4 Nf6 5. Nc3 c6 6. Nf3 Bb4 7. Bg5 0-0 8. cxd5 Qa5 9. a3 Bxc3+ 10. bxc3 Nxd5 11. Be2 Nxc3 12. Qd2 Re8 13. Be3 b6 14. Rc1 Nxe2 15. Qxa5 bxa5 16. Kxe2 Ba6+ 17. Kd2 Bb5 18. Ne5 f6 19. Nd3 Nd7 20. Nc5 Nb6 21. a4 Nxa4 22. Nxa4 Bxa4 23. Ra1 Bb5 24. Rxa5 a6 25. Rc1 Rad8 26. Ra3 Rd5 27. g3 Kf7 28. Kc3 g5 29. Ra2 Kg6 30. Rh1 Re4 31. Re1 Rdxd4 32. Bxd4 Rxe1 33. Kb4 g4 34. Ra3 Kf5 35. Rc3 Rd1 36. Kc5 a5 37. Re3 a4 38. Re7 Rc1+ 39. Kd6 a3 40. Rxh7 a2 41. Ra7 Rd1 42. Kc5 Rd2 43. Ra3 Rc2+ 44. Kd6 Ke4 45. Be3 f5 46. Bb6 Bd3 47. Ra4+ Kf3 48. Ra3 Kg2 49. Bd4 Be4 50. Be3 Kxh2 51. Bd4 Kg2 52. Ke5 c5 53. Be3 c4 54. Kd4 Bd3 55. Kc5 Rxf2 56. Bxf2 Kxf2 57. Rxa2+ Kxg3 58. Kd4 f4 59. Rd2 Kf3 60. Ke5 g3 61. Rd1 Ke3 62. Rg1 c3 63. Rc1 c2 64. Re1+ Be2 65. Rg1 f3 0-1

[Event "Sandnes CC-ch"]
[Site "Sandnes"]
[Date "2015.02.03"]
[Round "1"]
[White "Overas, Vegard"]
[Black "Overas, Jan Magne"]
[Result "1/2-1/2"]
[WhiteElo "1770"]
[BlackElo "1581"]
[PlyCount "111"]
[EventDate "2015.02.03"]
[EventType "swiss"]
[EventRounds "7"]
[EventCountry "NOR"]
[SourceTitle "EXT 2017"]
[Source "ChessBase"]
[SourceDate "2016.10.25"]
[SourceVersion "1"]
[SourceVersionDate "2016.10.25"]
[SourceQuality "1"]

1. d4 Nf6 2. Nf3 e6 3. g3 Bb4+ 4. Bd2 Bxd2+ 5. Nbxd2 0-0 6. Bg2 d5 7. 0-0 Nc6 8. c3 Re8 9. Re1 e5 10. dxe5 Nxe5 11. Nxe5 Rxe5 12. e4 c6 13. f4 Qb6+ 14. Kh1 Re7 15. Qb3 Qf2 16. e5 Ng4 17. Nf1 Qc5 18. h3 Nf2+ 19. Kh2 Nxh3 20. Ne3 Nf2 21. Bf3 Re6 22. Re2 g5 23. Qa4 gxf4 24. Qxf4 Nd3 25. Qd4 Qxd4 26. cxd4 Rh6+ 27. Kg2 Rg6 28. Kh2 f6 29. Rd1 Nb4 30. a3 Na6 31. Nxd5 cxd5 32. Bxd5+ Kf8 33. e6 Ke7 34. Bf3 Kd6 35. d5 Rg7 36. b4 Rb8 37. Rc1 Rc7 38. Rce1 Rc3 39. e7 Nc7 40. Bh5 Bd7 41. e8Q Bxe8 42. Bxe8 Rxe8 43. Rxe8 Nxe8 44. Rxe8 Kxd5 45. Re7 Rxa3 46. Rxb7 h5 47. Kh3 f5 48. Kh4 Ke5 49. Kxh5 Rxg3 50. Rxa7 f4 51. Kh4 Rg6 52. b5 f3 53. Rf7 Ke4 54. b6 Rh6+ 55. Kg3 Rxb6 56. Rxf3 1/2-1/2

[Event "Politiken Cup 33rd"]
[Site "Helsingor"]
[Date "2011.08.03"]
[Round "6"]
[White "Bauder, Herbert"]
[Black "Overas, Jan Magne"]
[Result "1/2-1/2"]
[WhiteElo "1971"]
[BlackElo "1503"]
[PlyCount "156"]
[EventDate "2011.07.30"]
[EventType "swiss"]
[EventRounds "10"]
[EventCountry "DEN"]
[SourceTitle "CBM 143 Extra"]
[Source "ChessBase"]
[SourceDate "2011.08.29"]
[SourceVersion "1"]
[SourceVersionDate "2011.08.29"]
[SourceQuality "1"]

1. d4 d5 2. Nf3 c6 3. c4 Nf6 4. Nc3 e6 5. Bg5 Be7 6. e3 Ne4 7. Bxe7 Qxe7 8. Qc2 f5 9. Bd3 Nd7 10. 0-0 0-0 11. Rad1 Rf6 12. Ne5 Rh6 13. g3 Qg5 14. f4 Qh5 15. Bxe4 fxe4 16. Nxd7 Bxd7 17. c5 Qf5 18. Rf2 Be8 19. Qb3 Rb8 20. Qa4 a6 21. Qa5 Rc8 22. Qb6 Qf7 23. Rdd2 Qe7 24. Qb3 Bh5 25. Qa3 Bf3 26. b4 Rf8 27. Kf1 g5 28. fxg5 Qxg5 29. Ne2 Bxe2+ 30. Rdxe2 Rhf6 31. Rf4 e5 32. dxe5 Qxe5 33. Qb2 Qxb2 34. Rxb2 Rxf4+ 35. gxf4 d4 36. Rg2+ Kh8 37. exd4 Rxf4+ 38. Ke2 Rh4 39. Ke3 h6 40. a4 Rh3+ 41. Kxe4 Rb3 42. b5 axb5 43. axb5 Rxb5 44. Kf5 Rb4 45. Rg4 b6 46. cxb6 Rxb6 47. Ke5 h5 48. Rg5 Rb5+ 49. Kf6 Rb4 50. Rxh5+ Kg8 51. Rg5+ Kf8 52. Ra5 Rb8 53. h4 Rd8 54. h5 Rd6+ 55. Ke5 Rh6 56. Kf4 Rd6 57. Ke5 Rh6 58. Ke4 Ke7 59. Rg5 Kf7 60. Rf5+ Ke7 61. Kd3 Kd6 62. Rg5 Kc7 63. Kc4 Kb6 64. Kb4 Rd6 65. Kc4 Rh6 66. Kd3 Kc7 67. Rc5 Kd6 68. Kc4 Rf6 69. Rg5 Rf1 70. Rg6+ Kd7 71. h6 Rc1+ 72. Kd3 Rd1+ 73. Kc3 Rh1 74. Rg7+ Kd6 75. h7 Rc1+ 76. Kb4 Rh1 77. Kc4 Rc1+ 78. Kb4 Rh1 1/2-1/2

[Event "Politiken Cup 33rd"]
[Site "Helsingor"]
[Date "2011.08.02"]
[Round "5"]
[White "Overas, Jan Magne"]
[Black "Holm, Henrik"]
[Result "1-0"]
[WhiteElo "1503"]
[BlackElo "1853"]
[PlyCount "95"]
[EventDate "2011.07.30"]
[EventType "swiss"]
[EventRounds "10"]
[EventCountry "DEN"]
[SourceTitle "CBM 143 Extra"]
[Source "ChessBase"]
[SourceDate "2011.08.29"]
[SourceVersion "1"]
[SourceVersionDate "2011.08.29"]
[SourceQuality "1"]

1. d4 f5 2. c4 Nf6 3. Nc3 e6 4. Bf4 Be7 5. Nf3 c6 6. h3 0-0 7. e3 b6 8. d5 d6 9. dxe6 Bxe6 10. Bd3 c5 11. g4 Qd7 12. Ng5 fxg4 13. Qc2 g3 14. Bxh7+ Kh8 15. Nxe6 Qxe6 16. Bf5 Qxc4 17. Bxg3 Nbd7 18. Bd3 Qf7 19. Ne4 Nxe4 20. Bxe4 d5 21. Bg6 Qe6 22. h4 Rad8 23. 0-0-0 Nf6 24. Bf5 Qg8 25. f3 d4 26. h5 Qxa2 27. h6 g5 28. e4 d3 29. Qc3 d2+ 30. Kc2 Qa4+ 31. b3 Qa2+ 32. Qb2 Qxb2+ 33. Kxb2 Nh7 34. Rh2 Rd3 35. Rf2 Bf6+ 36. e5 Rd5 37. Re2 Be7 38. Be4 Rdd8 39. Rexd2 Rfe8 40. Kc2 Nf8 41. Bf5 Nh7 42. Rd7 Rxd7 43. Rxd7 Nf8 44. Rxa7 c4 45. bxc4 Bc5 46. e6 Bd4 47. e7 Nh7 48. Bg6 1-0